00415nam a2200157Ia 45000010006000000050017000060080041000230410008000640820015000721000037000872450080001242600009002043000028002136500008002416540008002492430220260414151034.0260414t2016||||xx |||||||||||||| ||spa|| aESP a345.2bR63 aRío Labarthe, Gonzalo deleAUT 0aPrisión preventiva y medidas alternativas :bcódigo procesal penal 2004 c2016 a511 páginas :c25 cm. aDER aCDE